000 00716nam a22002177a 4500
999 _c18105
_d18105
003 AR-CdUCM
008 190511b ||||| |||| 00| 0 spa d
040 _aMUNICIPALIDAD PROVINCIAL DEL CUSCO
_cBIBLIOTECA MUNICIPAL DEL CUSCO
082 _a331.04 /
_bP59
100 _aPinilla, Antonio
_96881
245 _aTrabajo y política laboral /
260 _aLima :
_bInstituto de relaciones humanas,
_c1959.
300 _a366 páginas ;
_c23 cm.
505 _aContenido: Políticas laborales.
650 _aPolíticas laborales
_98523
650 _aTrabajo
_94726
650 _aLeyes laborales
_938497
700 _aUniversidad nacional mayor de San Marcos
_938498
942 _2ddc
_cLIBROS
945 _adavv
_d2019-05-11